Clubs battus par le Real Madrid en finale de Ligue des champions - Statistiques

Statistiques générales
  • Ce quiz a été pris 90 fois
  • Le résultat moyen est 5 sur 11
Answers on the Grid
Answers color-coded by a green-red scale on the quiz's grid according to % correct below.
Stade de Reims
ACF Fiorentina
AC Milan
Eintracht Francfort
Partizan Belgrade
Valence CF
Bayer Leverkusen
Juventus FC
Atlético de Madrid
Liverpool FC
Borussia Dortmund
FC Barcelone
Manchester United
Bayern Munich
Chelsea FC
Inter Milan
Arsenal FC
Nottingham Forest FC
Olympique de Marseille
SL Benfica
 
Statistiques - réponses
Réponse % Correct
Liverpool FC
80%
Atlético de Madrid
72%
Juventus FC
67%
Stade de Reims
60%
Borussia Dortmund
55%
Bayer Leverkusen
42%
Valence CF
32%
AC Milan
17%
ACF Fiorentina
13%
Eintracht Francfort
12%
Partizan Belgrade
7%
Aucun quiz correspondant
Distribution des résultats
% des personnes avec chaque résultat
Percentile par nombre de réponses
Votre historique - résultats
Vous n’avez pas pris ce quiz